000 00893nam a2200289 i 4500
001 000039778
003 DO-SdBNP
005 20240530073936.0
007 ta
008 130719s1967 dr 000 0 spa d
040 _aDO-SdBNP
_bspa
_cBNPHU
_erda
082 4 _aRD868.44
_bC322t
_222
100 1 _aCartagena Portalatín, Aída,
_d1918-1994
_923557
_eautora
245 1 3 _aLa tierra escrita /
_cAida Cartegena Portalatín.
264 _aSanto Domingo :
_bBrigada Dominicana,
_c1967.
300 _a97 páginas ;
_c21 cm.
336 _2rdacontent
_atexto
_btxt
337 _2rdamedia
_asin mediación
_bn
338 _2rdacarrier
_avolumen
_bnc
490 _aBaluarte
_v15
590 _aInventariado, 2024/BT
650 0 _aEnsayos dominicanos
_965
650 4 _aPoesía dominicana
_966
650 0 _aCuentos dominicanos
_9176
910 _aValidado. Control de calidad MFF
942 _2ddc
_cLBS1
999 _c39268
_d39268